Amélie Nothomb: Biographie de la faim

Bibliographic Details
Main Author: Laučíková, Katarína, 1979- (Author)
Format: Article
Language:Slovak
ISSN:0231-6269
Subjects:

MARC

LEADER 00000nab a2200000 a 4500
001 vtls009487237
003 SK-MaSNL
005 20260304154140.0
008 250507c2008 xo |r|p|||||||000 b|slo
015 |a SNBRB2009/03  |2 snkbucl 
035 |a (uuid)b05a493b-9469-4ad3-abe5-a731ef8d2174 
035 |a urn:nbn:sk:snk-abc4nx 
035 |a (urnnbn)urn:nbn:sk:snk:ar-004fhf 
038 |a SNKBUCL 
040 |a SNKBUCL  |b slo  |c SNKBUCL  |e AACR2 
041 0 |a slo 
044 |a xo  |c SK 
080 |a 82.09:821.133.1 (439)-312.6  |x (048)  |2 2001 
080 |a 821.133.1 (439)-312.6  |x (048)  |2 2001 
080 |a 821.133.1-312.6  |x (048)  |2 2001 
100 1 |a Laučíková, Katarína,  |d 1979-  |4 aut  |9 105461 
245 1 0 |a Amélie Nothomb: Biographie de la faim  |c Katarína Laučíková 
650 0 7 |a belgické romány (francúzsky)  |2 SNKPH  |9 1275533 
650 0 7 |a belgická próza (francúzsky)  |2 SNKPH  |9 207942 
650 0 7 |a autobiografické romány  |x recenzie  |2 snkbucl  |9 1054038 
655 7 |a recenzie  |2 snkbucl  |9 21907 
773 0 |t Revue svetovej literatúry  |g Roč. XLIV, č. 4 (2008), s. 142-144  |x 0231-6269 
787 0 8 |i Rec.:  |a Nothomb, Amélie, 1967-  |t Biographie de la faim  |d Albin Michel, 2004 
850 |a Slovenská národná knižnica 
852 |a Slovenská národná knižnica 
958 |a article15 
958 |a OND 
958 |a LX 
958 |a FR 
958 |a BE 
958 |a RC 
958 |a EUIPO 
999 |c 2956413  |d 2958343